000
00301nam a22001457a 4500
020
_a
978-81-226-0685-0
082
_a
894.812.3
_b
SAS/O
100
_a
JOSEPH, SARA
245
_a
OORU KAVAL
260
_a
2010
_b
CURRENT BOOKS
_c
2010
300
_a
206
520
_a
NOVEL
650
_a
NOVEL
942
_c
BK
999
_c
5225
_d
5225